Paroles - Paroles Paroles - Dalida - Statistiques

Statistiques générales
  • Ce quiz a été pris 595 fois
  • Le résultat moyen est 291 sur 388
Statistiques - réponses
Réponse % Correct
Par
97%
De
95%
Des
95%
Le
94%
A
93%
Et
93%
Les
93%
Ma
91%
Mot
91%
Parole
91%
Tu
91%
Mots
90%
Te
90%
Au
89%
Encore
89%
Que
88%
Toujours
88%
Un
88%
Je
87%
Moi
87%
Pas
87%
Qui
87%
Une
87%
Mêmes
86%
Paroles
86%
Se
86%
Autre
85%
Ce
85%
Mais
85%
Peu
84%
Pour
84%
Bien
82%
Mon
82%
Bonbons
81%
Chocolats
81%
Offrir
80%
Peux
80%
Caramels
79%
Coeur
79%
Es
79%
Jamais
79%
Ne
79%
Aime
78%
Sur
78%
La
77%
Comme
76%
Rien
76%
T’en
75%
Bouche
74%
Roses
73%
C’est
72%
Douceur
72%
Parfum
71%
Sais
70%
Fois
69%
Posent
68%
Si
68%
Vent
68%
Enrobés
67%
Enrobes
67%
Première
67%
Tendres
66%
Belle
62%
Merci
61%
Regarde
61%
Quand
60%
Beau
58%
M’arrive
58%
Fragiles
57%
Trop
57%
D’un
56%
Plus
56%
Soir
56%
Prie
55%
Dire
52%
Étrange
52%
Ecoute
50%
Faux
50%
J’ai
49%
Sèmes
49%
Semes
49%
C’était
48%
Comment
48%
Faciles
48%
Sonnent
48%
Temps
48%
Rêve
47%
Dunes
46%
Jure
46%
Oublie
46%
Seul
46%
Oui
45%
Aussi
44%
Fait
44%
Fini
44%
Envie
43%
Tellement
43%
Seule
42%
Silence
42%
Souvenirs
41%
Savais
40%
Etoiles
39%
Fanent
39%
Rêves
39%
Tactiques
37%
Cette
36%
Commences
35%
T’arretes
35%
D’amour
33%
Histoire
33%
N’existais
33%
Chanter
32%
T’inventerais
32%
Unique
32%
Comprends
31%
Demain
31%
Vérité
31%
Juste
30%
Cesserai
29%
Danser
29%
Moments
29%
D’hier
28%
Loin
28%
Magiques
28%
Est
27%
Emporte
26%
Espérance
26%
Parler
25%
Violons
25%
Lire
21%
Défendu
20%
Destin
20%
Moins
19%
Musique
19%
Voila
19%
J’aimerais
17%
Comprenne
15%
Deja
15%
M’ecoutes
14%
Tourment
13%
Aucun quiz correspondant
Distribution des résultats
% des personnes avec chaque résultat
Percentile par nombre de réponses
Votre historique - résultats
Vous n’avez pas pris ce quiz